|
|
|
|
| LEADER |
00000nab a2200000 a 4500 |
| 001 |
vtls009289903 |
| 003 |
SK-MaSNL |
| 005 |
20260305012506.0 |
| 008 |
140301c20080222xo dr|p|||||||000 b|slo |
| 015 |
|
|
|a SNBRB2008/04
|2 snkbucl
|
| 038 |
|
|
|a SNKBUCL
|
| 040 |
|
|
|a SNKBUCL
|b slo
|c SNKBUCL
|e AACR2
|
| 041 |
0 |
|
|a slo
|
| 044 |
|
|
|a xo
|c SK
|
| 080 |
|
|
|a 94(437)
|x "1948/..."
|2 2001
|
| 080 |
|
|
|a 321.64
|x (437)
|x "1948/..."
|2 2001
|
| 100 |
1 |
|
|a Sojková, Mira
|4 aut
|9 1043007
|
| 245 |
1 |
0 |
|a Dva postoje, dva osudy, dvaja ľudia
|b každý z nich sa na svet pozeral cez inú optiku: jeden skrz demokratickú, druhý cez červenú
|c Mira Sojková, Jaroslav Fabok, Dezider Patač
|
| 300 |
|
|
|b Fotogr.
|
| 648 |
|
7 |
|a po 1948
|2 snkbucl
|9 420867
|
| 650 |
0 |
7 |
|a komunistický režim
|2 snkbucl
|9 4699
|
| 651 |
|
7 |
|a Československo
|x dejiny
|2 snkbucl
|9 161432
|
| 700 |
1 |
|
|a Fabok, Jaroslav
|4 aut
|9 668101
|
| 700 |
1 |
|
|a Patač, Dezider
|4 aut
|9 1589557
|
| 773 |
0 |
|
|t Hospodárske noviny
|g Roč. XVI., č. 38 (22.-24.2.2008)
|x 1335-4701
|
| 773 |
0 |
8 |
|t Víkend
|g S. 24
|
| 852 |
|
|
|a SNK
|b KIS3GCP
|
| 958 |
|
|
|a SK
|
| 958 |
|
|
|a CZ
|
| 999 |
|
|
|c 3257799
|d 3259729
|